1932 1447 1297 1332 1649 1656 1984 1819 1218 1856 1598 1243 1145 1790 1144 1333 1640 1006 1524 1655 1099 1144 1391 1606 1021 1284 1523 1846 1046 1322 1411 1267 1436 1989 1612 1132 1955 1795 1239 1955 1863 1880 1766 1055 1361 1003 1033 1824 1544 1428 1455 1868 1837 1755 1064 1337 1948 1313 1944 1526 1746 1076 1800 1248 1712 1501 1236 1576 1031 1149 1039 1022 1704 1702 1705 1952 1757 1230 1928 1902 1154 1806 1771 1464 1712 1899 1100 1740 1256 1451 1669 1412 1430 1982 1119 1998 1285 1664 1184 BCNSPRNW ULIB Ver.6.0+V

เปลี่ยนเป็นภาษาไทย

Change to English
 แสดงรายละเอียดบรรณานุกรม
  กลับหน้าหลัก

Brief Record : Get Marc (ISO 2709) : E-mail record : QR code < ปิดหน้าต่าง
LEADER : 00000nam 2200000uu 4500
001    13399112877
003     ULIB
008    110915s2551||||th 000 0 tha d
020    9789749898918
050  4 A^bป259ส 2551
100 0  บัณฑิต อึ้งรังษี,^d2551
245 10 World class สร้างคนไทยไประดับโลก /^cบัณฑิต อึ้งรังษี
250    พิมพ์ครั้งที่ 8
260    กรุงเทพฯ :^bอมรินทร์ How to,^c2551
300    223, [16] หน้า :^bภาพประกอบ ;^c19 ซม.
591    LIRV มีพิมพ์ครั้งที่ 1 ปี 2551
591    LIKA มีพิมพ์ครั้งที่ 3 ปี 2551
600 07 บัณฑิต อึ้งรังษี,^d2513-
650  4 วาทยากร^zไทย^vชีวประวัติ
945    ^p229^l0^i15245
995    กัณชพร
999 ^a ใช้งานได้ทุกระบบ
รายการนี้ยังไม่มีแท็ก
คุณยังไม่ได้ล็อกอิน คุณสามารถมีกิจกรรมร่วมกับเว็บไซต์ได้ แต่ต้องล็อกอินก่อน ::
  ล็อกอิน

รายการสื่อสารสนเทศ

ลำดับที่ ประเภท เลขเรียก/บาร์โค้ด สถานที่ สถานะ
- ไม่พบข้อมูล -

BibComment


ยังไม่เคยถูกคอมเมนท์

คอมเมนท์ทรัพยากรรายการนี้
  คอมเมนท์: World class สร้าง..


 Copyright 2026. Bcnsprnw @Library